000 00330nam a22001457a 4500
008 230907b ||||| |||| 00| 0 eng d
020 _a0226078868
041 _aeng
080 _a101
082 _a101BUC
100 _a44
101 _aFILOZ
245 _aTHE RISE OF THE WAVE THEORY OF LIGHT
_cBUCHWALD.Z.J
942 _2udc
_cBK
999 _c60288
_d60288